| 000 | 00416nam a22001577a 4500 | ||
|---|---|---|---|
| 003 | CEME | ||
| 005 | 20210628204040.0 | ||
| 008 | 210106b xxu||||| |||| 00| 0 eng d | ||
| 040 | _cceme | ||
| 082 | _a610.28 LES | ||
| 100 |
_aLessard, Charles S _968446 |
||
| 245 | _aSignal processing of random physiological signals | ||
| 260 |
_aUSA _bMORGAN & CLAYPOOL PUBLISHERS _c2006 |
||
| 300 | _aX, 222P | ||
| 942 |
_cBK _2ddc |
||
| 999 |
_c576022 _d576022 |
||